Ulysses S. Grant Trivia - Statistics

General Stats
  • This quiz has been taken 25 times
  • The average score is 7 of 10
Answer Stats
# Questions Answer % Correct
5 Political party of Grant Republican
100%
4 Grant defeated this Confederate General atAppomattox in 1865 Robert E. Lee
96%
8 Who served as president before Grant Andrew Johnson
91%
3 Who did Grant fail to protect in April of 1865? Abraham Lincoln
87%
7 What US state was Grant born in? Ohio
87%
9 Who served as president after Grant Rutherford B. Hayes
87%
6 The most famous nickname of Grant. Somesaid that is what his initials US stood for. Unconditional Surrender
61%
1 What is Grant's actual first name? Hiram
57%
10 Who did Grant marry? Julia Dent
52%
2 Name 1 of Grant's 2 vice presidents Schuyler Colfax/Henry Wilson
30%
No matching quizzes found
Score Distribution
Percent of People with Each Score
Percentile by Number Answered
Your Score History
You have not taken this quiz